000 00340nam a2200133Ia 4500
008 151001s9999||||xx |||||||||||||| ||und||
100 _aगीता पै
245 _aडोलकाठी
250 _a1
260 _bशितल मेहता कोल्हापूर
260 _c2013
300 _a336
365 _b18
999 _c1001976
_d1001973